| 000 | 00922cam a22003011 4500 | ||
|---|---|---|---|
| 001 | 21102 | ||
| 003 | BD-RjUL | ||
| 005 | 20211209000640.0 | ||
| 008 | 140303t19511944nyu 001 0 eng d | ||
| 035 | _a(BD-RjUL) 21166 | ||
| 035 | _a(OCoLC)10699589 | ||
| 040 |
_aDLC _cNGvP _dDLC _dBD-RjUL _beng |
||
| 041 | _aeng | ||
| 082 | 0 | 0 |
_a901.9 _bCAE 1951 |
| 100 | 1 |
_aCassirer, Ernst, _d1874-1945. _93133 |
|
| 245 | 1 | 3 |
_aAn essay on man : _ban introduction to a philosophy of human culture / _c Ernst, Cassirer |
| 260 |
_aGarden City, N.Y. : _bDoubleday, _c1944 [Reprinted 1951] |
||
| 300 |
_a294 p. ; _c18 cm. |
||
| 490 | 0 | _aDoubleday anchor books, A 3 | |
| 504 | _aIncludes Indes | ||
| 650 | 0 |
_aHuman beings. _965217 |
|
| 650 | 0 |
_aKnowledge, Theory of. _965218 |
|
| 650 | 0 |
_aCivilization _xPhilosophy. _93440 |
|
| 650 | 0 |
_aSymbolism. _965219 |
|
| 942 |
_2ddc _cBK |
||
| 999 |
_c21102 _d21102 |
||